000 01580nam a22003257a 4500
001 B-263196-201
003 dpl
005 20080603121855.0
008 080603t xxu||||| |||| 00| 0 eng d
010 _aB-263196-201
020 _a8189975064
_c90.00
035 _aB-263196-201
037 _bWestland Books/30/04/08/31/8.4.08/19.5.08/
_aOS/2008/000016
040 _aDPL
_bEN
082 _aS / WAT
100 _a
245 _aWhat you see is what you get /
_cadapted by Alice Alfonsi
260 _aChennai
_bWestland Books
_c2007
270 _a571, Poonamalle High Road, Aminjikarai,
_bChennai
_e600029
300 _a137p.
_c19 cm (pbk)
490 _aThat's so raven / created by Michael Poryes [and] Susan Sherman
700 _aAlfonsi, Alice
942 _2ddc
_cCH
_hS / WAT
999 _c14171
_d14171